000 00870nam a22002297a 4500
005 2008060203433.0
008 080602t xxu||||| |||| 00| 0 eng d
010 _aENG-90253
020 _a0195692144
_c650.00
035 _aEN-73786
037 _bDBAD / PUB
040 _aDPL
_bEN
082 _a291.178
245 _aColonialism, modernity, and religious identities:
_breligious reform movements in South Asia /
_cedited by Gwilym Beckerlegge
260 _aNew Delhi
_bOxford University Press
_c2008
300 _aviii, 274p.
_c22 cm (Hb)
500 _a
700 _aBeckerlegge, Gwilym
700 _aPunetha, Jagdish Chandra
942 _2ddc
_cEN
_h291.178
_mCOL
999 _c13127
_d13127